000 00759nam a2200277Ia 4500
001 Para_7744
003 CHAP
008 220125s9999 xx 000 0 und d
010 _a206580
040 _cCHAP
082 _aPA-C 595.77 D5
100 _aHeadlee, Thomas J.
_953234
245 _aMosquito control in New Jersey /
_c by Thomas J. Headlee
300 _a11p.
440 _aDíptera ; 2
_9172861
500 _aEnc. con impresos similares
650 _aControl biológico de insectos
_927582
650 _aDípteros
_x coleciones de escritos
_9172870
901 _aPA-C 595.77 D5
902 _aA
905 _a000000 0000000000 00
910 _a
942 _cPARA
942 _cPARA
_d1
999 _c206580
_d206580